La religión en la política /

Shranjeno v:
Bibliografske podrobnosti
Glavni avtor: Huntington, Samuel P.
Format: Texto
Teme:
Oznake: Označite
Brez oznak, prvi označite!

MARC

LEADER 00000 a a2200000 04500
001 44036
003
040
100 |a Huntington, Samuel P.  
245 |a La religión en la política /  |c Samuel P. Huntington  
650 |a RELIGION  
650 |a POLITICA  
650 |a CULTURA  
650 |a ESTADOS UNIDOS  
773 |g número35 ( , 2005), páginas 31-40  
999 |c 28935  |d 28935